000 00612nam a2200217 a 4500
001 64013
003 BD-RjUL
005 20211209081249.0
008 190318s1978 ii a 000 0aeng d
035 _a(BD-RjUL)64143
040 _aBD-RjUL
_cBD-RjUL
041 1 _aeng
082 _223
_a657
_bCHA 1978
100 _aChakraborty, Hrishikesh.
_9229437
245 1 0 _aAdvanced accountancy /
_cHrishikesh Chakraborty.
250 _a3nd rev. and enl. ed
260 _aCalcutta :
_bOxford Univ. Press,
_c1978.
300 _axxiv, 1652 pages :
_bill.;
_c24 cm.
650 _aAccounting.
_9229438
942 _2ddc
_cBK
999 _c64013
_d64013